Tortura Nunca Más Documentales realizados por jóvenes de escuelas secundarias y organizaciones sociales /
Contiene producciones audiovisuales realizadas por jóvenes que formaron parte de distintas convocatorias del Programa Jóvenes y Memoria. A partir de casos, los videos denuncian y analizan la continuidad de la tortura en la trama cotidiana del barrio y las instituciones de encierro. Los diferentes ab...
Guardado en:
| Autores Corporativos: | , |
|---|---|
| Formato: | |
| Idioma: | Undetermined |
| Publicado: |
La Plata,
2013.
|
| Series: | Colección Jóvenes y memoria ;
10 |
| Materias: | |
| Acceso en línea: | https://www.comisionporlamemoria.org/jovenesymemoria/colecciones/vol-10-tortura-nunca-mas/ |
| Etiquetas: |
Agregar Etiqueta
Sin Etiquetas, Sea el primero en etiquetar este registro!
|
| LEADER | 02367ngm a22003135a 4500 | ||
|---|---|---|---|
| 001 | CEM.cems019893 | ||
| 008 | 221214s2013####xx#---############vlund#d | ||
| 005 | 20221214205809.0 | ||
| 245 | 1 | 0 | |a Tortura Nunca Más |h [videograbación] : |b Documentales realizados por jóvenes de escuelas secundarias y organizaciones sociales / |c Programa Jóvenes y Memoria. Comisión provincial por la Memoria. |
| 260 | |a La Plata, |c 2013. | ||
| 300 | |a 15'. | ||
| 490 | 1 | |a Colección Jóvenes y memoria ; |v 10 | |
| 505 | 0 | |a 1. Otro "Nunca más" -- 2. Negras de mierda -- 3. La búsqueda continúa -- 4. Excarcelando secretos -- 5. Ilegal -- 6. El silencio grita III: Cárceles -- Extras: Institucional "A 30 años de la democracia, tortura nunca más" -- Duración aproximada de cada cortometraje 15 minutos. Duración total aproximada: 80'. | |
| 520 | |a Contiene producciones audiovisuales realizadas por jóvenes que formaron parte de distintas convocatorias del Programa Jóvenes y Memoria. A partir de casos, los videos denuncian y analizan la continuidad de la tortura en la trama cotidiana del barrio y las instituciones de encierro. Los diferentes abordajes además dan cuenta del puente entre el pasado y el presente no sólo en tanto a las prácticas violentas desde el Estado en comisarías y cárceles, en su accionar en el espacio público y su intervención en el territorio; sino también sobre quiénes se ejerce y con qué grado de legitimidad. Producciones realizadas por estudiantes de la EEMN 3 de 19 - Bajo Flores- CABA, EEMNº1- José C. Paz, ESBN°59- Los Hornos- La Plata, EEANº1- Junín, EEMNº 4- Bolívar y la EETNº8. Morón | ||
| 538 | |a Soporte: DVD -- Formato: DVD -- Peso: 3,45 gb -- Resolución: 720 x 576 -- 25fps - PAL | ||
| 500 | |a Hacia una pedagogía de la memoria -- Recursos para trabajar en el aula. | ||
| 110 | 2 | |a Programa Jóvenes y Memoria. | |
| 710 | 2 | |a Comisión Provincial por la memoria. | |
| 653 | |a ARGENTINA | ||
| 653 | |a HISTORIA | ||
| 653 | |a DICTADURA | ||
| 653 | |a JÓVENES Y MEMORIA | ||
| 653 | |a COMISIÓN POR LA MEMORIA | ||
| 653 | |a TERRORISMO DE ESTADO | ||
| 653 | |a ESTUDIANTES | ||
| 653 | |a DERECHOS HUMANOS | ||
| 653 | |a TORTURA | ||
| 856 | |u https://www.comisionporlamemoria.org/jovenesymemoria/colecciones/vol-10-tortura-nunca-mas/ | ||
| 859 | |a CEMS |b BIB. CEMS - Depto. Recursos Didacticos |h 982 |i JOV-4 |k DRD |p 2948.22 |t Ej.1 | ||
